Principles of geotechnical engineering / (Record no. 553812)
[ view plain ]
| 000 -LEADER | |
|---|---|
| fixed length control field | 00711cam a2200193 i 4500 |
| 020 ## - INTERNATIONAL STANDARD BOOK NUMBER | |
| International Standard Book Number | 1133108660 (hardcover) |
| 020 ## - INTERNATIONAL STANDARD BOOK NUMBER | |
| International Standard Book Number | 9781133108665 (hardcover) |
| 082 ## - DEWEY DECIMAL CLASSIFICATION NUMBER | |
| Classification number | 624.15 |
| Author Mark | DAS |
| -- | L-38,P-121 |
| 100 1# - MAIN ENTRY--PERSONAL NAME | |
| Personal name | Das, Braja M., |
| 9 (RLIN) | 23492 |
| 245 10 - TITLE STATEMENT | |
| Title | Principles of geotechnical engineering / |
| Statement of responsibility, etc. | Braja M. Das, Dean Emeritus, California State University, Sacramento, Khaled Sobhan, Florida Atlantic University. |
| 250 ## - EDITION STATEMENT | |
| Edition statement | 8th edition. |
| 260 ## - PUBLICATION, DISTRIBUTION, ETC. | |
| Place of publication, distribution, etc. | India :. |
| Name of publisher, distributor, etc. | Cengage Learning. |
| Date of publication, distribution, etc. | 2016. |
| 300 ## - PHYSICAL DESCRIPTION | |
| Extent | xxi, 726 pages : |
| Other physical details | illustrations ; |
| Dimensions | 24 cm |
| 526 ## - STUDY PROGRAM INFORMATION NOTE | |
| Program name | 0 |
| Interest level | 0 |
| Reading level | 0 |
| Title point value | 624_150000000000000_DAS |
| 650 #0 - SUBJECT ADDED ENTRY--TOPICAL TERM | |
| Topical term or geographic name entry element | Geotechnical engineering. |
| 650 #0 - SUBJECT ADDED ENTRY--TOPICAL TERM | |
| Topical term or geographic name entry element | Soil mechanics. |
| 700 ## - ADDED ENTRY--PERSONAL NAME | |
| Personal name | Khaled Subhan. |
| 9 (RLIN) | 51066 |
| 942 ## - ADDED ENTRY ELEMENTS (KOHA) | |
| Source of classification or shelving scheme | |
| Koha item type | Book |
| Withdrawn status | Lost status | Source of classification or shelving scheme | Damaged status | Not for loan | Permanent Location | Current Location | Date acquired | Total Checkouts | Total Renewals | Full call number | Barcode | Date last seen | Date last checked out | Price effective from | Koha item type |
|---|---|---|---|---|---|---|---|---|---|---|---|---|---|---|---|
| Military College of Engineering (MCE) | Military College of Engineering (MCE) | 04/03/2017 | 5 | 4 | 624.15 DAS | MCE-50513 | 12/29/2020 | 12/29/2020 | 04/03/2017 | Book |
